D'où vient cette Marque ? - Statistiques

Statistiques générales
  • Ce quiz a été pris 64 622 fois
    64 620 depuis la dernière actualisation
  • Le résultat moyen est 9 sur 20
Statistiques - réponses
Hint Réponse % Correct
Apple États-Unis
87%
IKEA Suède
77%
Toyota Japon
71%
Adidas Allemagne
65%
Zara Espagne
53%
Huawei Chine
49%
Ubisoft France
48%
Nutella Italie
47%
Gazprom Russie
46%
Red Bull Autriche
44%
LEGO Danemark
40%
Quick Belgique
38%
Skoda République Tchèque
38%
Ryanair Irlande
34%
Nestlé Suisse
34%
Heineken Pays-Bas
30%
LG Corée du Sud
29%
Dyson Royaume-Uni
26%
Nokia Finlande
21%
Asus Taïwan
21%
Aucun quiz correspondant
Distribution des résultats
% des personnes avec chaque résultat
Percentile par nombre de réponses
Votre historique - résultats
Vous n’avez pas pris ce quiz depuis la dernière actualisation